01548nam a2200193Ia 450000500170000000800410001704000440005804100080010208200120011010000410012224500710016326000550023430000360028949000390032550006560036450502770102050600210129765000360131820240116100302.0130821s1936 ck fr | edspa  aCo-BoUCMbspacSandra YazodSandra Yazo0 aspa04a8642201 aOspina Rodriguez, Marianod1805-188513aEl Dr. José Félix de Restrepo y su épocacpor Mariano Ospina aBogotá (Colombia)bEditorial Minerva S. A.c1936 a157, [1] páginasc18 x 14 cm. 0aBiblioteca Aldeana de Colombiav55 aDetalles físicos: Sin encuadernación original. Actualmente: Encuadernación rígida (holandesa) en cartón forrado en papel jaspeado en tono azul. Lomo de tela, con letras y líneas decorativas en dorado. Cortes decorados (jaspeado azul). Guardas. Hoja de cortesía. Portada impresa en una sola tinta. Grabado con el emblema de la Colección. Texto impreso en una sola columna, con diferentes tipos y tamaños de letra. Notas de pie de página. Papel oxidado en bordes de las hojas. En la encuadernación (lomo) se indica una numeración (55). Colección Aldeana de Colombia es una selección de Samper Ortega de Literatura Colombiana.0 aNotas sobre Mariano Ospina / Manuel Briceño ; Ensayos: El doctor José Félix de Restrepo y su época ; Carta a la señorita María Josefa Ospina, la víspera de su matrimonio ; El Gólgota, el redactor del “Suramericano” y de “El Socialismo” ; La muela. aConsulta en sala 7aEnsayos colombianos ySiglo XIX